000 00464nam a2200181Ia 4500
001 8883
005 20260306160642.0
008 260306t2012||||xx |||||||||||||| ||spa||
041 _aESP
082 _a371.9
_bB76
100 _aBotías Pelegrín, Francisco
_eAUT
245 0 _aNecesidades educativas especiales:
_bplanteamientos prácticos
260 _c2012
300 _a394 páginas :
_c24 cm.
650 _aGEN
654 _aCED
942 _cLIB
_dJUS
_fJUS
_2ddc
_n
999 _c8883
_d8883